000 00543nam a2200205Ia 4500
005 20250508165544.0
008 008 250505s9999 xx 000 0 hin d
020 _a978-93-85288-66-1
037 _aTextual
040 _aFEDL
_beng
_cFEDL
041 _ahin
_2eng
084 _a891.433, KAL
_qFEDL
100 _aKalia Ravindra
245 0 _a17 Ranade road
260 _aNew Delhi, India
_bBhartiya Gyanpeeth
_c2010
300 _a304p.
365 _aINR
_b395
942 _cTEXL
_h891.433, KAL
999 _c1395841
_d1395841